• 首页
  • 本馆介绍
  • 公告通知
  • 最新文献
  • 馆藏检索
  • 电子资源
  • 读者导购
  • 参考咨询
  • 我的图书馆
  • 登录
  • 详细信息显示
  • 放入我的书架
  • 预约/预借图书
  • 作者相关作品
  • 分类相关作品
  • 丛书相关作品
  • 出版社相关作品

书目信息

  • 表格格式
  • 工作单格式
  • 卡片格式
题名:
函数逼近
    
 
作者: 梅拉德斯 著 ;赵根榕 , 赵冰 译
分册:  
出版信息: 北京   高等教育出版社  1986
页数: 244页
开本: 20cm
丛书名:
单 册:
中图分类: O174.41
科图分类:
主题词: 函数逼近论
电子资源:
ISBN:
000 00726nam0 2200253 45
001 0186010906
005 20041221081300.9
010    @dCNY1.80
091    @a13010.01115
100    @a19900818d1986 em y0chiy0121 ea
101 1  @achi@cger
102    @aCN@b110000
105    @ay z 000yy
200 10 @a函数逼近@Ahan shu bi jin@e理论与数值方法@f(德)G.梅拉德斯著@F(De)G.Mei La De Si Zhu@g赵根榕, 赵冰译
210    @a北京@c高等教育出版社@d1986
215    @a244页@d20cm
606    @a函数逼近论
690    @aO174.41@v3
701  0 @a梅拉德斯@4著
702  0 @a赵根榕@Azhao gen rong@4译
702  0 @a赵冰@Azhao bing@4译
801  0 @aCN@b深圳图书馆@c20040701
801  2 @aCN@bNLC@c20040701
905    @dO174.41@e74@f1@b166577
    
    函数逼近:理论与数值方法/(德)G.梅拉德斯著/赵根榕, 赵冰译.-北京:高等教育出版社,1986
    244页;20cm
    
    
    ISBN :CNY1.80
    
●
相关链接 在E读中查询图书 在五车中查询图书 在当当中查询图书 在豆瓣中查询图书


正题名:函数逼近     索取号:O174.41/74         预约/预借

序号 登录号 条形码 馆藏地/架位号 状态 备注
1 0166577   001977230   第三借阅区/ [索取号:O174.41/74] 在馆    
2 0166578   001938247   第三借阅区/ [索取号:O174.41/74] 在馆    
3 0166579   000423054   第二样本阅览室/ [索取号:O174.41/74] 在馆    
唐山师范学院图书馆 欢迎您!
大连网信软件有限公司© 版权所有